Автоматизированный анализ деятельности предприятия с использованием семантических сетей

Detalles Bibliográficos
Autor principal: Каширин И. Ю. Игорь Юрьевич
Otros Autores: Крошилин А. В. Александр Викторович, Крошилина С. В. Светлана Владимировна
Sumario:Рассмотрены с позиций системного анализа вопросы автоматизации анализа деятельности, определены задачи и проблемы автоматизации анализа деятельности предприятия. Рассмотрены этапы анализа деятельности предприятий в различных автоматизированных системах и выделены основные классы получаемых этими системами результатов. Проанализированы существующие аналитические системы, выявлены их наиболее общие недостатки. Рассмотрены способы построения экспертной системы как элемента интел лектуальной аналитической системы. Показан пример реализации автоматизированной системы, предназначенной для анализа деятельности предприятия и принятия управленческих решений. Для специалистов в области проектирования систем анализа и поддержки принятия решений, студентов и аспирантов технических вузов.
Lenguaje:ruso
Publicado: Москва, Горячая линия-Телеком, 2011
Materias:
Formato: MixedMaterials Libro
KOHA link:https://koha.lib.tpu.ru/cgi-bin/koha/opac-detail.pl?biblionumber=204453

MARC

LEADER 00000nam0a2200000 4500
001 204453
005 20231101225222.0
010 |a 9785991201711 
035 |a (RuTPU)RU\TPU\book\222859 
090 |a 204453 
100 |a 20111123d2011 k y0rusy50 ca 
101 0 |a rus 
102 |a RU 
105 |a a z 001zy 
200 1 |a Автоматизированный анализ деятельности предприятия с использованием семантических сетей  |f И. Ю. Каширин, А. В. Крошилин, С. В. Крошилина 
210 |a Москва  |c Горячая линия-Телеком  |d 2011 
215 |a 139 с.  |c ил. 
320 |a Библиогр.: с. 121-130. 
330 |a Рассмотрены с позиций системного анализа вопросы автоматизации анализа деятельности, определены задачи и проблемы автоматизации анализа деятельности предприятия. Рассмотрены этапы анализа деятельности предприятий в различных автоматизированных системах и выделены основные классы получаемых этими системами результатов. Проанализированы существующие аналитические системы, выявлены их наиболее общие недостатки. Рассмотрены способы построения экспертной системы как элемента интел лектуальной аналитической системы. Показан пример реализации автоматизированной системы, предназначенной для анализа деятельности предприятия и принятия управленческих решений. Для специалистов в области проектирования систем анализа и поддержки принятия решений, студентов и аспирантов технических вузов. 
606 1 |a Производственный процесс  |x Автоматизированный анализ  |2 stltpush  |3 (RuTPU)RU\TPU\subj\71570  |9 85427 
610 1 |a промышленные предприятия 
610 1 |a автоматизированные системы анализа 
610 1 |a экспертные системы 
610 1 |a аналитические системы 
610 1 |a интеллектуальные информационные системы 
610 1 |a семантические сети 
610 1 |a семантические сетевые модели 
610 1 |a нечеткие системы 
610 1 |a предприятия 
610 1 |a события 
610 1 |a модели 
610 1 |a реализация 
610 1 |a описание 
610 1 |a функционирование 
675 |a 658.511  |v 3 
700 1 |a Каширин  |b И. Ю.  |g Игорь Юрьевич 
701 1 |a Крошилин  |b А. В.  |g Александр Викторович 
701 1 |a Крошилина  |b С. В.  |g Светлана Владимировна 
801 1 |a RU  |b 63413507  |c 20111123 
801 2 |a RU  |b 63413507  |c 20141111  |g RCR 
900 |a Автоматизированные системы управления 
942 |c BK 
959 |a 96/20111123  |d 1  |e 232,00  |f ЧЗТЛ:1